An unexplored pass: A narrative of a thousand mile journey to the Kara koram Himalayas
Պահպանված է:
| Հիմնական հեղինակ: | |
|---|---|
| Ձևաչափ: | Գիրք |
| Լեզու: | անգլերեն |
| Հրապարակվել է: |
Londres
Hutchinson & Co
1926
|
| Հրատարակություն: | 1a. ed |
| Խորագրեր: | |
| Ցուցիչներ: |
Ավելացրեք ցուցիչ
Չկան պիտակներ, Եղեք առաջինը, ով նշում է այս գրառումը!
|
MARC
| LEADER | 00000nam a2200000 a 4500 | ||
|---|---|---|---|
| 001 | UCJ3738 | ||
| 003 | CL-VaPUC | ||
| 008 | 070124e19260000UK |||||||||||||||||eng|d | ||
| 082 | 0 | 4 | |a 910.4 |b FEA |2 21 |
| 100 | 0 | |a Featherstone, B. K |e author |9 506035 | |
| 245 | 1 | 3 | |a An unexplored pass: A narrative of a thousand mile journey to the Kara koram Himalayas |
| 250 | |a 1a. ed | ||
| 300 | |a 295 p | ||
| 942 | |c BK | ||
| 945 | |d 20070124 00:00:00 |a rinostro | ||
| 260 | |a Londres |b Hutchinson & Co |c 1926 | ||
| 500 | |a Fotografías | ||
| 650 | 0 | |a Viajes |9 257115 | |
| 650 | 0 | |a Cultura |9 269059 | |
| 650 | 0 | |a Religión |9 255164 | |
| 650 | 0 | |a Etnología |9 258726 | |
| 650 | 0 | |a Iconografía |9 267998 | |
| 650 | 7 | |a MONTAÑISMO |2 CL-VaPUC |9 384709 | |
| 651 | 7 | |a TIBET |2 CL-VaPUC |9 324206 | |
| 651 | 7 | |a MONTES HIMALAYAS |2 CL-VaPUC |9 506036 | |
| 583 | |a last modification |c 20070124 00:00:00 |k Rodrigo Vera | ||
| 999 | |c 319860 |d 319858 | ||
| 952 | |0 0 |1 0 |4 0 |6 910_400000000000000_FEA_1926 |7 0 |8 X |9 398257 |a FDOBUD |b FDOBUD |d 2019-11-22 |i 1007696 |o 910.4 FEA 1926 |p 1007696 |r 2019-11-22 |w 2019-11-22 |y BK_X |k BUD | ||
| 952 | |0 0 |1 0 |4 0 |6 910_400000000000000_FEA_1926 |7 0 |8 X |9 398258 |a FDOBUD |b FDOBUD |d 2019-11-22 |i 1017349 |o 910.4 FEA 1926 |p 1017349 |r 2019-11-22 |w 2019-11-22 |y BK_X |k BUD | ||